背番号がゾロ目の現役選手(2026) - Statistics

General Stats
  • This quiz has been taken 9 times
  • The average score is 39 of 105
Answer Stats
球団 番号 ポジション 選手名 % Correct
日本ハム 33 捕手 進藤勇也
78%
広島 33 内野手 菊池涼介
67%
日本ハム 66 外野手 万波中正
67%
日本ハム 99 外野手 レイエス
67%
阪神 22 監督 藤川球児
56%
阪神 33 内野手 糸原健斗
56%
DeNA 00 内野手 林琢真
56%
DeNA 11 投手 東克樹
56%
DeNA 55 外野手 井上絢登
56%
巨人 22 捕手 小林誠司
56%
中日 00 外野手 尾田剛樹
56%
中日 55 外野手 細川成也
56%
中日 99 監督 井上一樹
56%
広島 22 投手 髙太一
56%
広島 44 内野手 林晃汰
56%
ヤクルト 00 内野手 赤羽由紘
56%
ヤクルト 88 監督 池山隆寛
56%
ソフトバンク 77 外野手 山本恵大
56%
ソフトバンク 99 内野手 野村勇
56%
日本ハム 55 投手 菊地大稀
56%
日本ハム 77 コーチ 林孝哉
56%
オリックス 00 投手 エスピノーザ
56%
オリックス 11 投手 山下舜平大
56%
オリックス 22 投手 九里亜蓮
56%
オリックス 33 外野手 杉澤龍
56%
オリックス 44 捕手 頓宮裕真
56%
オリックス 99 外野手 杉本裕太郎
56%
西武 22 捕手 古賀悠斗
56%
西武 44 外野手 林冠臣
56%
ロッテ 99 内野手 ソト
56%
阪神 99 投手 モレッタ
44%
DeNA 99 外野手 ヒュンメル
44%
巨人 00 内野手 湯浅大
44%
巨人 11 投手 田中将大
44%
中日 22 投手 大野雄大
44%
広島 11 投手 齊藤汰直
44%
ヤクルト 11 投手 キハダ
44%
ヤクルト 44 投手 大西広樹
44%
ヤクルト 66 投手 阪口皓亮
44%
ソフトバンク 00 捕手 渡邉陸
44%
ソフトバンク 44 外野手 笹川吉康
44%
ソフトバンク 55 捕手 石塚綜一郎
44%
ソフトバンク 66 投手 松本裕樹
44%
ソフトバンク 88 二軍監督 斉藤和巳
44%
日本ハム 44 内野手 阪口樂
44%
楽天 44 捕手 田中貴也
44%
楽天 88 監督 三木肇
44%
西武 11 投手 上田大河
44%
阪神 00 内野手 元山飛優
33%
阪神 77 コーチ 梵英心
33%
阪神 88 コーチ 安藤優也
33%
DeNA 22 投手 入江大生
33%
DeNA 44 内野手 石上泰輝
33%
DeNA 66 内野手 ビシエド
33%
巨人 44 外野手 佐々木俊輔
33%
巨人 77 コーチ 内海哲也
33%
巨人 99 内野手 藤井健翔
33%
中日 11 投手 中西聖輝
33%
中日 66 外野手 鵜飼航丞
33%
広島 66 投手 遠藤淳志
33%
広島 77 コーチ 藤井彰人
33%
ヤクルト 33 投手 山崎太陽
33%
ヤクルト 77 コーチ 山崎晃大朗
33%
オリックス 66 投手 博志
33%
楽天 11 投手 岸孝之
33%
西武 99 内野手 村田怜音
33%
ロッテ 00 内野手 池田来翔
33%
ロッテ 11 投手 カスティーヨ
33%
ロッテ 22 外野手 ポランコ
33%
ロッテ 33 投手 八木彬
33%
ロッテ 55 内野手 櫻井ユウヤ
33%
阪神 55 投手 能登嵩都
22%
阪神 66 投手 津田淳哉
22%
DeNA 33 投手 武田陸玖
22%
DeNA 77 コーチ 鈴木尚典
22%
巨人 33 内野手 小濱佑斗
22%
巨人 66 投手 平内龍太
22%
中日 33 投手 杉浦稔大
22%
中日 44 外野手 川越誠司
22%
広島 99 内野手 二俣翔一
22%
ヤクルト 99 投手 青柳晃洋
22%
ソフトバンク 11 投手 津森宥紀
22%
ソフトバンク 33 内野手 廣瀨隆太
22%
オリックス 88 コーチ 水本勝巳
22%
西武 00 内野手 仲田慶介
22%
西武 55 外野手 仲三優太
22%
ロッテ 44 内野手 宮崎竜成
22%
ロッテ 66 投手 宮﨑颯
22%
ロッテ 88 コーチ 栗原健太
22%
楽天 55 捕手 YG安田
22%
阪神 44 投手 早瀬朔
11%
DeNA 88 コーチ 入来祐作
11%
巨人 88 コーチ 實松一成
11%
中日 77 コーチ 嶋基宏
11%
中日 88 コーチ 落合英二
11%
日本ハム 88 コーチ ヒルマン
11%
オリックス 77 コーチ 比嘉幹貴
11%
楽天 22 投手 ウレーニャ
11%
楽天 66 投手 今野龍太
11%
楽天 99 コーチ 川名慎一
11%
西武 33 外野手 古川雄大
11%
西武 66 外野手 川田悠慎
11%
西武 77 コーチ 辻竜太郎
11%
西武 88 コーチ 大島裕行
11%
ロッテ 77 コーチ 西岡剛
11%
No matching quizzes found
Score Distribution
Percent of People with Each Score
Percentile by Number Answered
Your Score History
You have not taken this quiz